Detalles MARC
| 000 -LIDER |
| fixed length control field |
01869nam a2200361 a 4500 |
| 001 - NÚMERO DE CONTROL |
| Identificador de número de control |
000028764 |
| 003 - IDENTIFICACDOR DE NÚMERO DE CONTROL |
| control field |
DO-SdBNP |
| 005 - DATE AND TIME OF LATEST TRANSACTION |
| control field |
20171011111728.0 |
| 007 - CAMPOS FIJOS DE DESCRIPCIÓN FÍSICA |
| fixed length control field |
000028764 |
| 008 - ELEMENTOS DE LONGITUD FIJA |
| fixed length control field |
110412t2010 ck ac 001 0dspa d |
| 020 ## - ISBN |
| International Standard Book Number |
9789945111651 |
| 040 ## - FUENTE DE CATALOGACIÓN |
| Agencia que crea de manera original el registro |
BPMSU |
| Idioma de catalogación |
spa |
| Agencia que realiza la transcripción |
BPMSU |
| 082 #4 - NÚMERO DE CLASIFICACIÓN DECIMAL DE DEWEY |
| Classification number |
972.93053 |
| Item number |
B174t, 2010 |
| 100 1# - ASIENTO PRINCIPAL -- NOMBRE PERSONAL |
| Nombre personal |
Balcácer, Juan Daniel, |
| Fechas asociadas con el nombre |
1949- |
| 245 10 - MENCIÓN DE TITULO |
| Título |
Trujillo : |
| Subtítulo |
el tiranicidio de 1961 / |
| Mención de responsabilidad |
Juan Daniel Balcácer. |
| 250 ## - MENCIÓN DE EDICION |
| Mención de edición |
4ª ed. |
| 260 ## - PUBLICACIÓN, DISTRIBUCIÓN, ETC. (PIE DE IMPRENTA) |
| Lugar de publicación, distribución, etc |
Bogotá : |
| Nombre del editor, distribuidor, etc. |
Taurus historia, |
| Fecha de publicación, distribución, etc |
2010. |
| 300 ## - DESCRIPCIÓN FÍSICA |
| Extensión |
540 p. : |
| Otros detalles físicos |
il., retr. ; |
| Dimensiones |
25 cm. |
| 500 ## - NOTA GENERAL |
| Nota general |
Incluye cronología del 30 de mayo, último día de Trujillo. |
| 500 ## - NOTA GENERAL |
| Nota general |
Incluye índice onomástico. |
| 504 ## - NOTA DE BIBLIOGRAFÍA, ETC. |
| Bibliography, etc |
Incluye bibliografía y notas al pie de páginas. |
| 504 ## - NOTA DE BIBLIOGRAFÍA, ETC. |
| Bibliography, etc |
Bibliografía : p.493-518. |
| 505 0# - NOTA DE CONTENIDO |
| Texto normalizado de contenido |
Introducción -- |
| Título |
El último día de Trujillo: una cronología -- |
| -- |
Caudillos y dictadores dominicanos -- |
| -- |
La resistencia contra Trujillo -- |
| -- |
La conspiración -- |
| -- |
Trujjillo y la muerte -- |
| -- |
El tiranicidio -- |
| -- |
Una vez muerto Trujillo -- |
| -- |
Testimonios sobre el ajusticiamiento -- |
| -- |
El azar, Arturo Espaillat y Zacarías de la Cruz -- |
| -- |
Román Fernández: traidor o víctima? -- |
| -- |
Historiografía del 30 de mayo -- |
| -- |
Trujillo en la narrativa -- |
| -- |
Consideraciones finales -- |
| -- |
Apéndices -- |
| -- |
Notas biográficas de los conjurados -- |
| -- |
Fuentes -- |
| -- |
Índice onomástico. |
| 586 ## - AWARDS NOTE |
| Awards note |
Premio Feria del Libro Eduardo León Jiménez, Mejor libro del año 2007. |
| 600 14 - ENCABEZAMIENTO DE MATERIA--NOMBRE PERSONAL |
| Nombre personal |
TRUJILLO MOLINA, RAFAEL LEÓNIDAS, |
| Fechas asociadas con el nombre |
1891-1961 |
| Subdivisión temática general |
MUERTE |
| 650 #4 - ENCABEZAMIENTO DE MATERIA--TEMÁTICO |
| Término temático o nombre geográfico como elemento de entrada |
HOMICIDIO POLÍTICO |
| Subdivisión geográfica |
REPÚBLICA DOMINICANA |
| 651 #4 - ENCABEZAMIENTO DE MATERIA--NOMBRE GEOGRÁFICO |
| Nombre geográfico |
REPÚBLICA DOMINICANA |
| Subdivisión temática general |
HISTORIA |
| Subdivisión cronológica |
ERA DE TRUJILLO, 1930-1961 |
| 651 #4 - ENCABEZAMIENTO DE MATERIA--NOMBRE GEOGRÁFICO |
| Nombre geográfico |
REPÚBLICA DOMINICANA |
| Subdivisión temática general |
POLÍTICA Y GOBIERNO |
| 910 ## - VALIDACIÓN |
| Validación |
Validado. Control de calidad EMS. |
| 942 ## - ADDED ENTRY ELEMENTS (KOHA) |
| Source of classification or shelving scheme |
Dewey Decimal Classification |
| Koha item type |
Libros |
| 945 ## - INFORMACIÓN DE PROCESAMIENTO LOCAL |
| Información de procesamiento local |
Inventariado / 2017 VM |
| 956 ## - LOCAL ELECTRONIC LOCATION AND ACCESS (OCLC) |
| Nombre de host |
VMATEO |
| Número de acceso |
10 |
| Información de compresión |
20110412 |
| Inicio de sesión |
BPMSU |
| Procesador de solicitud |
0069 |